Vplyv krízy na družstvá

Relatívna odolnosť družstevných podnikov v rámci prebiehajúcej krízy. CECOP-CICOPA Európa - odvetvová organizácia Medzinárodného družstevného zväzu zastupujúca záujmy výrobných, remeselných a služby poskytujúcich družstiev.

Gespeichert in:
Bibliographische Detailangaben
1. Verfasser: Gajdová, Denisa, 1977-
Format: Buchkapitel
Sprache:Slowakisch
Schlagworte:
Tags: Tag hinzufügen
Keine Tags, Fügen Sie das erste Tag hinzu!

MARC

LEADER 00000nla$a2200000$$$4500
001 0146968
005 20240502072644.6
041 0 |a slo 
044 |a SK 
245 1 0 |a Vplyv krízy na družstvá  |c Denisa Gajdová 
520 |a Relatívna odolnosť družstevných podnikov v rámci prebiehajúcej krízy. CECOP-CICOPA Európa - odvetvová organizácia Medzinárodného družstevného zväzu zastupujúca záujmy výrobných, remeselných a služby poskytujúcich družstiev. 
610 2 0 |a družstvá 
610 2 0 |a sektor družstevný 
610 2 0 |a družstevníctvo 
610 2 0 |a družstvá spotrebné 
610 2 0 |a družstvá výrobné 
610 2 0 |a aktivita hospodárska 
610 2 0 |a efektívnosť 
610 2 0 |a konkurencieschopnosť 
610 2 0 |a kríza hospodárska 
100 1 |a Gajdová, Denisa, 1977-